| 000 | 00670nam a2200217 i 4500 | ||
|---|---|---|---|
| 001 | 16515 | ||
| 003 | ES-MaACL | ||
| 005 | 20250717063020.0 | ||
| 007 | t| | ||
| 008 | 001013s1991 sp ||||1| spa d | ||
| 020 | _a84-87524-14-1 | ||
| 080 | _a821.134.2-23"19" | ||
| 100 | 1 |
_aSastre, Alfonso, _d1926- _9103915 |
|
| 245 | 1 | 0 |
_aRevelaciones inesperadas sobre Moisés _b: a propósito de algunos aspectos de su vida privada / _cde Alfonso Sastre. |
| 260 |
_aHondarribia : _bHiru, _c[1991] |
||
| 300 |
_a171 p. ; _c18 cm. |
||
| 490 | 1 |
_aTeatro ; _v12 |
|
| 830 | 0 |
_aTeatro ; _v12 _9178026 |
|
| 852 |
_aES-MaACL _jL-23743 _bR.128756 |
||
| 999 |
_c16515 _d16515 |
||